Grandes batallas militares / (Registro nro. 30654)

Detalles MARC
000 -LEADER
campo de control de longitud fija 00520nam a2200169 i 4500
001 - NÚMERO DE CONTROL
campo de control 30654
003 - IDENTIFICADOR DE NÚMERO DE CONTROL
campo de control ES-MaACL
005 - FECHA Y HORA DE LA ÚLTIMA TRANSACCIÓN
campo de control 20230906154231.0
007 - CAMPO FIJO DE DESCRIPCIÓN FÍSICA--INFORMACIÓN GENERAL
campo de control de longitud fija t|
008 - DATOS DE LONGITUD FIJA--INFORMACIÓN GENERAL
campo de control de longitud fija 030127s1965 ag ||||1| spa d
245 00 - MENCIÓN DEL TÍTULO
Título Grandes batallas militares /
Mención de responsabilidad, etc. dirección: Cyril Falls ; [traducción J. Ferrer Aleu].
260 ## - PUBLICACIÓN, DISTRIBUCIÓN, ETC.
Lugar de publicación, distribución, etc. Buenos Aires, etc :
Nombre del editor, distribuidor, etc. Plaza y Janés,
Fecha de publicación, distribución, etc. 1965.
300 ## - DESCRIPCIÓN FÍSICA
Extensión 303 p., 28 lám. ;
Dimensiones 32 cm.
700 1# - ENTRADA AGREGADA--NOMBRE PERSONAL
Nombre de persona Falls, Cyril.
9 (RLIN) 48774
700 1# - ENTRADA AGREGADA--NOMBRE PERSONAL
Nombre de persona Ferrer Aleu, J.
9 (RLIN) 50442
852 ## - LOCALIZACIÓN
Ubicación ES-MaACL
Número de control de estantería C-35677
Sublocalización o colección R.56210
Existencias
Estatus retirado Estado de pérdida Estado de daño No para préstamo Biblioteca de origen Biblioteca actual Ubicación en estantería Fecha de adquisición Fuente de adquisición Total de préstamos Signatura topográfica completa Código de barras Visto por última vez Precio de reemplazo Tipo de ítem Koha
        Biblioteca del Ateneo de Madrid Biblioteca del Ateneo de Madrid Depósito 2 17/01/2008     C-35677 1031653 23/02/2023 23/02/2023 Libro impreso